[Event "Styrian op U14/18 26th"]
[Site "Mureck"]
[Date "2019.08.03"]
[Round "4"]
[White "Engelmaier, Andrej"]
[Black "Liszka, Markus"]
[Result "0-1"]
[WhiteElo "907"]
[BlackElo "1177"]
[PlyCount "32"]
[EventDate "2019.07.31"]
[EventType "swiss"]
[EventRounds "9"]
[EventCountry "AUT"]
[SourceTitle "EXT 2020"]
[Source "ChessBase"]
[SourceDate "2019.10.17"]
[SourceVersion "1"]
[SourceVersionDate "2019.10.17"]
[SourceQuality "1"]

1. e4 e5 2. g3 Nf6 3. d3 Nc6 4. Be3 Bb4+ 5. Bd2 Bc5 6. Nf3 d6 7. Bg2 Bg4 8. Nc3 0-0 9. 0-0 Nd4 10. h3 Nxf3+ 11. Bxf3 Bxh3 12. Re1 Qd7 13. Qe2 Bg4 14. Kg2 Bh3+ 15. Kg1 Ng4 16. Bxg4 Bxg4 0-1

[Event "Styrian op U14/18 26th"]
[Site "Mureck"]
[Date "2019.08.02"]
[Round "3"]
[White "Liszka, Markus"]
[Black "Martetschlaeger, Stefan"]
[Result "0-1"]
[WhiteElo "1177"]
[BlackElo "1383"]
[PlyCount "130"]
[EventDate "2019.07.31"]
[EventType "swiss"]
[EventRounds "9"]
[EventCountry "AUT"]
[SourceTitle "EXT 2020"]
[Source "ChessBase"]
[SourceDate "2019.10.17"]
[SourceVersion "1"]
[SourceVersionDate "2019.10.17"]
[SourceQuality "1"]

1. e4 c5 2. Nf3 Nc6 3. Bb5 Nd4 4. Nxd4 cxd4 5. d3 a6 6. Ba4 b5 7. Bb3 Bb7 8. c3 dxc3 9. Nxc3 e6 10. Bf4 Bb4 11. Rc1 Nf6 12. 0-0 0-0 13. a3 Bxc3 14. Rxc3 d5 15. f3 Qb6+ 16. Kh1 Rac8 17. Qd2 dxe4 18. dxe4 Rcd8 19. Qc2 Qd4 20. Be3 Qe5 21. Rc5 Qd6 22. Rc1 Qd3 23. Bg5 Qxc2 24. R5xc2 Rd3 25. Rc3 Rxc3 26. Rxc3 h6 27. Bxf6 gxf6 28. Rc7 Rc8 29. Rxc8+ Bxc8 30. f4 Bb7 31. e5 fxe5 32. fxe5 Kg7 33. h4 Kg6 34. Bc2+ Kh5 35. Bh7 Kxh4 36. Bg8 Kg5 37. Bxf7 Kf5 38. Kg1 Kxe5 39. Kf2 Bd5 40. g3 Kd4 41. Ke2 Kc4 42. Kd2 Kb3 43. Kc1 Bc4 44. Bh5 Bd3 45. Bf7 Bf5 46. Bg8 Kc4 47. Kd2 Kd4 48. Bf7 e5 49. Bh5 e4 50. Be2 e3+ 51. Ke1 Ke4 52. Kf1 Be6 53. Ke1 Bc4 54. Bh5 Kd4 55. Bg4 Bd5 56. Be2 Bg2 57. Bh5 Kd3 58. Be2+ Kc2 59. Bd1+ Kxb2 60. Ke2 Kxa3 61. Kxe3 b4 62. Bc2 b3 63. Bb1 Kb2 64. Bd3 a5 65. Kd2 a4 0-1

[Event "Styrian op U14/18 25th"]
[Site "Mureck"]
[Date "2018.08.07"]
[Round "7"]
[White "Braun, Hagen"]
[Black "Liszka, Markus"]
[Result "0-1"]
[WhiteElo "1122"]
[BlackElo "1154"]
[PlyCount "55"]
[EventDate "2018.08.01"]
[EventType "swiss"]
[EventRounds "9"]
[EventCountry "AUT"]
[SourceTitle "CBM 186 Extra"]
[Source "ChessBase"]
[SourceDate "2018.08.24"]
[SourceVersion "1"]
[SourceVersionDate "2018.08.24"]
[SourceQuality "1"]

1. e4 e5 2. Nf3 Nc6 3. Bc4 Nf6 4. Ng5 d5 5. exd5 Na5 6. Bb5+ c6 7. dxc6 bxc6 8. Qf3 Bb7 9. Be2 Bd6 10. d3 c5 11. Ne4 Bxe4 12. dxe4 0-0 13. Nc3 Nc6 14. Be3 Nb4 15. Bd3 c4 16. a3 cxd3 17. axb4 dxc2 18. 0-0 Bxb4 19. Rfc1 Bxc3 20. bxc3 Qd3 21. Rxa7 Rxa7 22. Bxa7 Rd8 23. h3 Qd1+ 24. Rxd1 Rxd1+ 25. Kh2 c1Q 26. Bb6 Rh1+ 27. Kg3 Qg5+ 28. Qg4 0-1

[Event "Styrian op U14/18 25th"]
[Site "Mureck"]
[Date "2018.08.06"]
[Round "6"]
[White "Liszka, Markus"]
[Black "Jauschneg, Fridolin"]
[Result "1/2-1/2"]
[WhiteElo "1154"]
[BlackElo "1219"]
[PlyCount "63"]
[EventDate "2018.08.01"]
[EventType "swiss"]
[EventRounds "9"]
[EventCountry "AUT"]
[SourceTitle "CBM 186 Extra"]
[Source "ChessBase"]
[SourceDate "2018.08.24"]
[SourceVersion "1"]
[SourceVersionDate "2018.08.24"]
[SourceQuality "1"]

1. e4 c5 2. Nf3 Nc6 3. Nc3 a6 4. d3 d6 5. Be3 Nf6 6. Be2 e6 7. 0-0 Be7 8. d4 cxd4 9. Nxd4 0-0 10. Bd3 Nxd4 11. Bxd4 e5 12. Be3 Be6 13. Qd2 d5 14. exd5 Nxd5 15. Nxd5 Qxd5 16. f3 Rfd8 17. Rfd1 Bc5 18. Bxc5 Qxc5+ 19. Qf2 Qxf2+ 20. Kxf2 f6 21. Rd2 Rd7 22. Rad1 Rad8 23. Ke3 Kf7 24. Bc4 Rxd2 25. Bxe6+ Kxe6 26. Rxd2 Rxd2 27. Kxd2 Kd5 28. Kd3 f5 29. c4+ Kc5 30. Kc3 g5 31. b4+ Kd6 32. g4 1/2-1/2

[Event "Styrian op U14/18 25th"]
[Site "Mureck"]
[Date "2018.08.03"]
[Round "3"]
[White "Jauschneg, Theo"]
[Black "Liszka, Markus"]
[Result "1/2-1/2"]
[WhiteElo "1045"]
[BlackElo "1154"]
[PlyCount "59"]
[EventDate "2018.08.01"]
[EventType "swiss"]
[EventRounds "9"]
[EventCountry "AUT"]
[SourceTitle "CBM 186 Extra"]
[Source "ChessBase"]
[SourceDate "2018.08.24"]
[SourceVersion "1"]
[SourceVersionDate "2018.08.24"]
[SourceQuality "1"]

1. b3 e5 2. Bb2 Nc6 3. e3 Bb4 4. Bb5 Nge7 5. a3 Ba5 6. Nf3 d6 7. b4 Bb6 8. d4 f6 9. 0-0 Be6 10. Nbd2 a6 11. Bd3 d5 12. dxe5 fxe5 13. Nxe5 Qd6 14. Nxc6 Nxc6 15. Bxg7 Rg8 16. Qh5+ Bf7 17. Qxh7 0-0-0 18. Bb2 Be6 19. Bf5 Bxf5 20. Qxf5+ Kb8 21. Nf3 Rdf8 22. Qd3 Rxf3 23. Qh7 Rff8 24. Rad1 Ne5 25. Qh3 Rh8 26. Qg3 Nf3+ 27. gxf3 Rhg8 28. Bg7 Qxg3+ 29. hxg3 Rxg7 30. Kg2 1/2-1/2

[Event "Styrian op U14/18 25th"]
[Site "Mureck"]
[Date "2018.08.01"]
[Round "1"]
[White "Karner, Stefan"]
[Black "Liszka, Markus"]
[Result "1-0"]
[WhiteElo "1543"]
[BlackElo "1154"]
[PlyCount "93"]
[EventDate "2018.08.01"]
[EventType "swiss"]
[EventRounds "9"]
[EventCountry "AUT"]
[SourceTitle "CBM 186 Extra"]
[Source "ChessBase"]
[SourceDate "2018.08.24"]
[SourceVersion "1"]
[SourceVersionDate "2018.08.24"]
[SourceQuality "1"]

1. d4 d5 2. c4 e6 3. Nf3 Nc6 4. Nc3 Bb4 5. Bg5 f6 6. Bh4 Nge7 7. e3 0-0 8. Bd3 e5 9. dxe5 Nxe5 10. Nxe5 fxe5 11. cxd5 Bxc3+ 12. bxc3 Qd6 13. Qb3 Kh8 14. c4 Bf5 15. Bxe7 Qxe7 16. Be2 b6 17. h3 Qd6 18. Bg4 Bxg4 19. hxg4 Qg6 20. f3 c6 21. Rd1 Rad8 22. a4 cxd5 23. cxd5 e4 24. Qc2 Rfe8 25. Rd4 Rc8 26. Qb1 h6 27. Kf2 Kh7 28. Rxe4 Rxe4 29. Qxe4 Rc2+ 30. Kg3 Qxe4 31. fxe4 Kg6 32. Rd1 Kf6 33. d6 Rc8 34. Kf4 Ke6 35. e5 g5+ 36. Ke4 Rc4+ 37. Rd4 Rc8 38. d7 Rd8 39. Rd6+ Ke7 40. Kd5 Rxd7 41. Rxd7+ Kxd7 42. e6+ Ke7 43. Kc6 Kxe6 44. Kb7 Kd6 45. Kxa7 Kc5 46. Ka6 Kc6 47. e4 1-0

[Event "Styrian op U14/16 23rd"]
[Site "Mureck"]
[Date "2016.08.07"]
[Round "5"]
[White "Liszka, Markus"]
[Black "Knafl, Noah"]
[Result "1-0"]
[WhiteElo "1219"]
[BlackElo "813"]
[PlyCount "35"]
[EventDate "2016.08.03"]
[EventType "swiss"]
[EventRounds "9"]
[EventCountry "AUT"]
[SourceTitle "CBM 174 Extra"]
[Source "ChessBase"]
[SourceDate "2016.10.10"]
[SourceVersion "1"]
[SourceVersionDate "2016.10.10"]
[SourceQuality "1"]

1. e4 e5 2. Nf3 Nc6 3. Nc3 Nf6 4. Bb5 Bc5 5. d3 a6 6. Ba4 0-0 7. Bg5 Be7 8. 0-0 Ng4 9. Bxe7 Qxe7 10. Nd5 Qd6 11. Ng5 Qg6 12. Bxc6 Qh6 13. Qxg4 dxc6 14. Ne7+ Kh8 15. Nf5 Qf6 16. Rae1 g6 17. Qh4 gxf5 18. Qxh7# 1-0

[Event "Styrian op U14/16 23rd"]
[Site "Mureck"]
[Date "2016.08.06"]
[Round "4"]
[White "Braun, Hagen"]
[Black "Liszka, Markus"]
[Result "0-1"]
[WhiteElo "915"]
[BlackElo "1219"]
[PlyCount "58"]
[EventDate "2016.08.03"]
[EventType "swiss"]
[EventRounds "9"]
[EventCountry "AUT"]
[SourceTitle "CBM 174 Extra"]
[Source "ChessBase"]
[SourceDate "2016.10.10"]
[SourceVersion "1"]
[SourceVersionDate "2016.10.10"]
[SourceQuality "1"]

1. e4 e5 2. Nf3 Nc6 3. d4 exd4 4. Bc4 Bb4+ 5. c3 dxc3 6. bxc3 Bc5 7. 0-0 Nge7 8. Ng5 d5 9. exd5 Ne5 10. Bb3 Bd6 11. Bf4 N7g6 12. Bxe5 Nxe5 13. c4 Qxg5 14. Nc3 Bh3 15. g3 Bxf1 16. Qxf1 Qh6 17. Qd1 0-0 18. Ne4 Rad8 19. c5 Be7 20. d6 cxd6 21. cxd6 Bxd6 22. Kg2 Bc5 23. Qb1 Bd4 24. f3 Bxa1 25. Qxa1 Rfe8 26. f4 Nd3 27. a4 Rxe4 28. Bxf7+ Kxf7 29. Qa2+ Qe6 0-1

[Event "Styrian op U12/18 22nd"]
[Site "Mureck"]
[Date "2015.08.13"]
[Round "9"]
[White "Mundstein, Alina"]
[Black "Liszka, Markus"]
[Result "1-0"]
[WhiteElo "1424"]
[BlackElo "1146"]
[PlyCount "53"]
[EventDate "2015.08.05"]
[EventType "swiss"]
[EventRounds "9"]
[EventCountry "AUT"]
[SourceTitle "EXT 2017"]
[Source "ChessBase"]
[SourceDate "2016.10.25"]
[SourceVersion "1"]
[SourceVersionDate "2016.10.25"]
[SourceQuality "1"]

1. e4 e5 2. Nf3 Nc6 3. Bb5 Nf6 4. 0-0 Bc5 5. Nc3 d6 6. d4 exd4 7. Nxd4 Bxd4 8. Bxc6+ bxc6 9. Qxd4 c5 10. Qd3 a5 11. Re1 0-0 12. Qg3 Nh5 13. Qf3 Nf6 14. e5 dxe5 15. Qxa8 Re8 16. Bg5 h6 17. Bh4 g5 18. Bg3 Ng4 19. h3 Nf6 20. Bxe5 Rf8 21. Rad1 Qe7 22. Nd5 Nxd5 23. Qxd5 Be6 24. Qf3 Kh7 25. Bf6 Bd5 26. Qf5+ Kg8 27. Bxe7 1-0

[Event "Styrian op U12/18 22nd"]
[Site "Mureck"]
[Date "2015.08.12"]
[Round "8"]
[White "Liszka, Markus"]
[Black "Lackner, Lorenz"]
[Result "1/2-1/2"]
[WhiteElo "1146"]
[BlackElo "1261"]
[PlyCount "73"]
[EventDate "2015.08.05"]
[EventType "swiss"]
[EventRounds "9"]
[EventCountry "AUT"]
[SourceTitle "EXT 2017"]
[Source "ChessBase"]
[SourceDate "2016.10.25"]
[SourceVersion "1"]
[SourceVersionDate "2016.10.25"]
[SourceQuality "1"]

1. e4 c5 2. c3 d6 3. d4 cxd4 4. cxd4 g6 5. Nf3 Bg7 6. Nc3 Bg4 7. Be2 Nd7 8. Bg5 Bxf3 9. Bxf3 Qb6 10. Be3 Qxb2 11. Rc1 Qb6 12. Nd5 Qa5+ 13. Bd2 Qd8 14. Nc7+ Kf8 15. Nxa8 Qxa8 16. 0-0 Bxd4 17. Bh6+ Bg7 18. Bxg7+ Kxg7 19. Qd4+ Ngf6 20. Bg4 Ne5 21. f3 Nfxg4 22. fxg4 f6 23. Rc7 Re8 24. Qxd6 Kh6 25. Rxe7 Rxe7 26. g5+ fxg5 27. Qxe7 Nc6 28. Qd6 Qg8 29. g4 Qg7 30. Rf3 Qa1+ 31. Rf1 Qc3 32. Kg2 Qe5 33. Qf8+ Qg7 34. Qxg7+ Kxg7 35. Rf3 Ne5 36. h3 h5 37. Kg3 1/2-1/2